| 000 | 01012nam a22003017a 4500 | ||
|---|---|---|---|
| 003 | CHAP | ||
| 005 | 20220329135325.0 | ||
| 008 | 971013s1984 r 00010 d | ||
| 010 | _a34411 | ||
| 011 | _a35383 | ||
| 035 | _a39499 | ||
| 040 | _cCHAP | ||
| 090 | _aFolleto 10744 | ||
| 100 | 0 | 0 |
_aMenéndez, Leda. _974833 |
| 245 | _aCaracterísticas general del suelo en la Estación Ecológica Sierra del Rosario, Cuba | ||
| 260 |
_aLa Habana : _bAcademia de Ciencias de Cuba, _c1984 |
||
| 300 | _a11 p | ||
| 490 |
_aReporte de investigación del Instituto de Botánica _v; 6 |
||
| 590 |
_aBATCH-UPD _b10 _c20130110 _lUCH01 _h2136 |
||
| 590 |
_aBATCH-UPD _b10 _c20130410 _lUCH01 _h1445 |
||
| 590 |
_aBATCH-UPD _b10 _c20130914 _lUCH01 _h1814 |
||
| 590 |
_aCONVERSION _b10 _c20130109 _lUCH01 _h1319 |
||
| 650 | 1 | 4 |
_aSuelos _xCuba. _9110333 |
| 830 | 0 |
_aReporte de investigación del Instituto de Botánica _v; 6 _996002 |
|
| 901 | _aBK | ||
| 942 | _cFOLL | ||
| 949 |
_aFolleto 10744 _bBC _cFOLL _d-90082 _eTS1 _i39499 _mD _si |
||
| 999 |
_c34411 _d34411 |
||